000 00498nam a2200181 i 4500
001 bg
100 1 _aCICHOŃ, Czesław
245 0 _aPrzeróbka plastyczna metali :
_bćwiczenia laboratoryjne /
_cCz. Cichoń, H. Dyja, E. Łabuda.
250 _aWyd.2 przejrz. i popr.
260 _aCzęstochowa,
_c1991.
700 1 _aDYJA, Henryk
700 1 _aŁABUDA, Elżbieta
040 _cBPK
041 _apol
080 _a621.7(075.8)(076)
942 _cKS
008 s pl f |000 0 pol
999 _c4553
_d4553
856 _uhttp://koha.tu.koszalin.pl/cgi-bin/koha/opac-detail.pl?biblionumber=4553
_yKatalog online BPK